000 01470nam a2200253 a 4500
001 79284
003 BD-RjUL
005 20220331131957.0
008 220131s2014bg |||||||| m||| 00| 0 ben d
035 _a(BD-RjUL)79284
040 _aBD-RjUL
_bben /eng
_cBD-RjUL
_dBD-RjUL
041 _aben
082 _a892.7109
_bALA 2014
_223
100 _aআলম, মো. মাহবুবুল
_9999
245 _aআধুনিক আরবী কাব্যে রাজনীতি ও রাজনীতিবিদ :
_bএকটি পর্যালোচনা /
_cমো. মাহবুবুল আলম
_6তত্ত্বাবধায়ক : এস. এম. আব্দুছ ছালাম
260 _aরাজশাহী :
_bআরবী বিভাগ, রাজশাহী বিশ্ববিদ্যালয়,
_c২০১৪
300 _avii, ২৫৩ পাতা ;
_c২৯ সেমি.
502 _aথিসিস (পিএইচ. ডি ) --আরবী বিভাগ, রাজশাহী বিশ্ববিদ্যালয়, ২০১৪
504 _aগ্রন্থপঞ্জি : পাতা [২৪০]-২৫৩
650 _aআরবী কবিতা
_xইতিহাস ও সমালোচনা
_91149
650 _aArabic poetry
_xHistory and Criticism
_91150
700 _aছালাম, এস. এম. আব্দুছ, তত্ত্বাবধায়ক
_91002
942 _2ddc
_cTHE
999 _c79284
_d79284